| 000 | 00334nam a22001457a 4500 | ||
|---|---|---|---|
| 003 | SGT | ||
| 020 | _a978-81-8204-028-1 | ||
| 082 |
_a641 _bBAG |
||
| 100 | _aBAGCHI, S.N. | ||
| 245 | _aTEXT BOOK OF FOOD AND BEVERAGE SERVICE | ||
| 260 |
_aINDIA _bAMAN PUB. _c2022 |
||
| 300 | _a531 | ||
| 650 | _aFOOD AND BEVERAGE | ||
| 942 |
_2ddc _cBK |
||
| 999 |
_c25726 _d25726 |
||